00672nam a2200169Ia 4500008004100000020001800041041001200059082002000071100006100091245005000152260003800202300001400240650004600254942000700300999001900307952017600326231217s9999 xx 000 0 und d a81-8128-203-5 aEnglish a658.834 DYC R aDyckhoff, Harald ed Lackes, Richard ed Reese, Joachim ed 0aSupply chain management and reverse logistics c2004bSpringer (India)aNew Delhi axviii+426 aSupply,chain,management,reverse,logistics cAA c177016d177016 r2024-01-26 00:00:00l0o658.834 DYC Rp40216v476.00w2024-01-26yAA1040708MBA00aMLbMLcMBAd2006-01-09eSri Lakshmig595.00EMBAK321L05/05/2006GRSF1V119W20